|
|
|
|
| LEADER |
00000nam2a2200000 4500 |
| 001 |
38497 |
| 005 |
20231101210513.0 |
| 035 |
|
|
|a (RuTPU)RU\TPU\book\39255
|
| 090 |
|
|
|a 38497
|
| 100 |
|
|
|a 20020306d1975 km y0rusy50 ca
|
| 101 |
0 |
|
|a rus
|
| 102 |
|
|
|a RU
|
| 105 |
|
|
|a a g 001zy
|
| 200 |
0 |
|
|a Т. 2
|
| 210 |
|
|
|d 1975
|
| 215 |
|
|
|a 567 с.
|c ил.
|
| 320 |
|
|
|a Библиогр. в конце разделов
|
| 320 |
|
|
|a Предм. указ.: с. 546-549
|
| 320 |
|
|
|a Указ. марок: с. 550-559
|
| 461 |
|
1 |
|0 (RuTPU)RU\TPU\book\39247
|t Справочник по пластическим массам
|o в 2 томах
|f Под ред. В. М. Катаева, В. А. Попова, Б. И. Сажина
|v Т. 2
|e 2-е изд., перераб. и доп.
|d 1975
|
| 606 |
|
|
|a Пластмассы
|2 stltpush
|3 (RuTPU)RU\TPU\subj\49097
|9 67908
|
| 610 |
1 |
|
|a фенопласты
|
| 610 |
1 |
|
|a аминопласты
|
| 610 |
1 |
|
|a полиэфиры
|
| 610 |
1 |
|
|a полиамиды
|
| 610 |
1 |
|
|a полиимиды
|
| 610 |
1 |
|
|a полимеры
|
| 610 |
1 |
|
|a стеклопластики
|
| 610 |
1 |
|
|a справочники
|
| 675 |
|
|
|a 678.5(035)
|v 3
|
| 801 |
|
1 |
|a RU
|b 63413507
|c 20020306
|g PSBO
|
| 801 |
|
2 |
|a RU
|b 63413507
|c 20201029
|g PSBO
|
| 942 |
|
|
|c BK
|